| 000 | 00756nam a22002291c 4500 | ||
|---|---|---|---|
| 001 | a987662140 | ||
| 008 | 080924s2008 gw |||| 000u rus d | ||
| 041 | _arus | ||
| 245 | 0 | 0 | _aReligioznyj faktor i problemy nacional'noj identičnosti v Rossii i Evrope novogo i novejšego vremeni |
| 246 | 1 | 0 | _aReligious factor and problems of the national identity in Russia and European countries during the period of Modern and Contemporary History |
| 264 |
_aMoskva, _c2008 |
||
| 300 | _a278 S. | ||
| 650 | 0 | _aReligion | |
| 650 | 0 | _aIdentität | |
| 650 | 0 | _aNation | |
| 655 | 0 | _aAufsatzsammlung | |
| 700 | 1 |
_aTokareva, E. S. _eHerausgeberIn |
|
| 710 | 2 | _aRAN / Institut vseobščej istorii | |
| 942 | _cMG | ||
| 040 | _cRU-10907106 | ||
| 003 | RU-10907106 | ||
| 999 |
_c16666 _d16666 |
||